00920nam a22002417a 4500999001700000005001700017010001400034020002600048020002300074035002300097037001300120082001300133100001500146245004600161250001200207260004800219270004300267300002800310500001900338942002700357952014500384952014900529 c30975d3097520181218154319.0 aENG-95151 a9780070669116c325.00 a0070669112c325.00 aEN-78683, B-490490 bDBAD/PUB a621.3815 aJain, R.P. aModern digital electronics /cby R P Jain a4th ed. aNew DelhibTata McGraw Hill Educationc2010 a7, West Patel NagarbNew Delhie110008 axvi, 712 p.c24cm (Pbk) aIncludes index 2ddccENmJAIh621.3815 00102ddc40718NFICaDBADbDBADd2009-10-20eDBAD / PUBg325.00l0o621.3815 JAIpEN-78684r2009-10-20 00:00:00t1v325.00w2009-10-20yEN 00102ddc40708NFICaBL4bBL4d2018-08-01eBPPD/PUBg0.00l8m6o621.3815 JAIpB-490490r2022-08-16 00:00:00s2022-07-28v0.00w2018-08-01yEN